000 00491nam a22001697a 4500
005 20251108172226.0
008 250721s1988 xx 000 0 ara d
082 1 4 _a216.24/تيم
100 1 _aإبن تيمية، تقي الدين أبو العباس
245 1 0 _aفقه الزكاه و الصيام /
264 1 _aبيروت :
_bدار الفكر العربي،
_c1988.
300 _a256ص
650 1 7 _aالزكاه
650 1 7 _aالصوم
942 _2ddc
_cBK
999 _c73626
_d73626